The fish who could wish / (Record no. 113541)
[ view plain ]
| 000 -LEADER | |
|---|---|
| fixed length control field | 00615nam a2200205 a 4500 |
| 001 - CONTROL NUMBER | |
| control field | 0374 |
| 005 - DATE AND TIME OF LATEST TRANSACTION | |
| control field | 20140414132025.0 |
| 008 - FIXED-LENGTH DATA ELEMENTS--GENERAL INFORMATION | |
| fixed length control field | 040913s19uu xx 00 eng d |
| 020 ## - INTERNATIONAL STANDARD BOOK NUMBER | |
| International Standard Book Number | 0-916291-48-0 |
| 050 ## - LIBRARY OF CONGRESS CALL NUMBER | |
| Classification number | TR |
| Item number | F52 1991 |
| 100 ## - MAIN ENTRY--PERSONAL NAME | |
| Personal name | Bush, John |
| 245 ## - TITLE STATEMENT | |
| Title | The fish who could wish / |
| Statement of responsibility, etc | John Bush & Korky Paul. |
| 260 ## - PUBLICATION, DISTRIBUTION, ETC. (IMPRINT) | |
| Place of publication, distribution, etc | Brooklyn, New York : |
| Name of publisher, distributor, etc | Kane / Miller Book, |
| Date of publication, distribution, etc | 1991. |
| 300 ## - PHYSICAL DESCRIPTION | |
| Extent | 1 v. p. : ill. ; cm. |
| 520 ## - SUMMARY, ETC. | |
| Summary, etc | A fish's wishes come true until the day he makes a follish wish. |
| 650 ## - SUBJECT ADDED ENTRY--TOPICAL TERM | |
| Topical term or geographic name as entry element | Fishes |
| General subdivision | Fiction. |
| 650 ## - SUBJECT ADDED ENTRY--TOPICAL TERM | |
| Topical term or geographic name as entry element | Wishes |
| General subdivision | Fiction. |
| 650 ## - SUBJECT ADDED ENTRY--TOPICAL TERM | |
| Topical term or geographic name as entry element | Stories in rhyme. |
| Withdrawn status | Lost status | Damaged status | Use restrictions | Home library | Current library | Shelving location | Date acquired | Source of acquisition | Total Checkouts | Full call number | Barcode | Date last seen | Price effective from | Koha item type |
|---|---|---|---|---|---|---|---|---|---|---|---|---|---|---|
| Munich Library | Munich Library | Teachers Reference Section | 09/13/2004 | TR F52 1991 | M5123 | 04/14/2014 | 04/14/2014 | Books |